Four From Where? Quiz Stats

Quiz Updated Jun 25, 2016

Challenge
Share
Tweet
Score 0/16 Timer 06:00
0 Plays Today
% Correct
China (Mao Zedong, Confucius, Jackie Chan, Yao Ming)
96%
India (Mahatma Gandhi, Priyanka Chopra, Indira Gandhi, M. Night Shyamalan)
95.7%
United Kingdom (Hugh Laurie, Queen Victoria, Isaac Newton, JK Rowling)
94.7%
Germany (Angela Merkel, Ludwig van Beethoven, Heidi Klum, Martin Luther)
94.2%
Canada (James Naismith, Alanis Morissette, Wayne Gretzky, Leslie Nielsen)
93.5%
Australia (Hugh Jackman, Robert Menzies, Elle MacPherson, Donald Bradman)
92.9%
Egypt (Omar Sharif, Anwar el-Sadat, Nefertiti, Yasser Arafat)
92.5%
Austria (Mozart, Arnold Schwarzenegger, Franz Ferdinand, Hedy Lamarr)
91.9%
% Correct
Mexico (Frida Kahlo, Carlos Santana, Guillermo del Toro, Pancho Villa)
90%
Argentina (Eva Perón, Pope Francis, Lionel Messi, Che Guevara)
87.8%
USA (Amelia Earhart, Thomas Edison, Frank Sinatra, Katharine Hepburn)
87.7%
Russia (Nikita Khrushchev, Leo Tolstoy, Maria Sharapova, Ivan the Terrible)
84.6%
Netherlands (Vincent van Gogh, Famke Janssen, Mata Hari, Marco van Basten)
79.3%
France (Coco Chanel, Gérard Depardieu, Louis Pasteur, Jules Verne)
77.4%
Brazil (Pelé, Adriana Lima, Dilma Rousseff, Morena Baccarin)
72.9%
Sweden (Stieg Larsson, Björn Borg, Greta Garbo, Alfred Nobel)
71.4%

You're not logged in!

Compare scores with friends on all Sporcle quizzes.
Join for Free
OR
Log In

You Might Also Like...

Show Comments

Extras

Top Quizzes Today


Score Distribution

Your Account Isn't Verified!

In order to create a playlist on Sporcle, you need to verify the email address you used during registration. Go to your Sporcle Settings to finish the process.

Report this User

Report this user for behavior that violates our Community Guidelines.

Details: